000 01539nam0a2200373 4500
001 RU\NLR\bibl\73494
005 20250616100559.0
010 _a5-8064--0092-1
_9150
021 _aRU
_b1999-25215
_91232
035 _a(NLR Aleph) 000071706
090 _a395735
_c395735
100 _a20000306d1999 |||y0rusy50 ca
101 0 _arus
102 _aRU
105 _ay |||||||||
200 1 _aКатегория падежа: системный анализ
_e(На материале долг. и якут. яз.)
_fН.М. Артемьев
_gРос. гос. пед. ун-т им. А.И. Герцена
210 _aСПб.
_cИзд-во РГПУ
_d1999
215 _a142 с.
_d20
320 _aБиблиогр.: с. 140-141 (38 назв.) и в конце гл.
606 1 _aДолганский язык
_92175673
_3RU\NLR\auth-onl\66205
606 0 _aЯкутский язык
_xДолганский диалект
_92040463
_3RU\NLR\auth\661224710
606 0 _aЯкутский язык
_xГрамматика диалектная
_92039121
_3RU\NLR\auth\661224025
606 0 _aЯкутский язык
_xКатегория падежа
_92156551
_3RU\NLR\auth\661298231
686 _aШ163.41-2в
686 _aШ163.41-51
700 1 _aАртемьев
_bН. М.
_gНиколай Матвеевич
_4070
801 0 _aRU
_bNLR
_c20000306
_gPSBO
801 1 _aRU
_bNLR
_c20000306
830 _aАвт. по кн.
852 _aNLR
_j99-3/19973
942 _cBOOK
980 _aNB